000 00673cam a22002291 4500
001 12164
003 BD-RjUL
005 20211208235239.0
008 140128s1960 maua b 000 0 eng
035 _a(BD-RjUL)12213
040 _aDLC
_cOWoC
_dOClW-H
_dBD-RjUL
_beng
041 _aeng
082 _a579.26
_bSTP 1964
_223
100 1 _aStent, Gunther S.
_q(Gunther Siegmund),
_d1924-2008,
_937663
245 1 0 _aPapers on bacterial viruses. /
_cGunther S. Stent
260 _aBoston :
_bLittle, Brown ,
_cc1960-1964
300 _a365 p. :
_bill. ;
_c25 cm.
504 _aIncludes bibliography.
650 0 _aBacteriophages.
_937664
942 _2ddc
_cBK
999 _c12164
_d12164